000 01462cam a2200349 a 4500
999 _c1258
_d1258
001 2629407
003 OSt
005 20221227130659.0
008 990309s1999 nyua c 000 1 eng
010 _a 99014751
020 _a9780064407670
020 _a0064407675 (pbk.)
040 _aDLC
_cDLC
_dDLC
_dKH8
042 _alcac
082 0 0 _aFIC SNI
_221
100 1 _aSnicket, Lemony.
_eAUTHOR
245 1 4 _aThe Reptile Room /
_cby Lemony Snicket ; illustrations by Brett Helquist.
250 _a1st ed.
260 _aNew York :
_bHarperCollins Publishers,
_c1999.
300 _a190 p.
_bill.
_c19 cm.
490 1 _aA series of unfortunate events ;
_vbk. 2
520 _aAfter narrowly escaping the menacing clutches of the dastardly Count Olaf, the three Baudelaire orphans are taken in by a kindly herpetologist with whom they live happily for an all-too-brief time.
650 1 _aOrphans
_vFiction.
650 1 _aBrothers and sisters
_vFiction.
650 1 _aHumorous stories.
700 1 _aHelquist, Brett,
_eill.
800 1 _aSnicket, Lemony.
_tSeries of unfortunate events ;
_vbk. 2.
856 4 2 _3Publisher description
_uhttp://www.loc.gov/catdir/description/hc043/99014751.html
906 _a7
_bcbc
_corignew
_d1
_eocip
_f19
_gy-gencatlg
942 _2ddc
_cFIC